| 000 | 00512nam a22001577a 4500 | ||
|---|---|---|---|
| 003 | OSt | ||
| 005 | 20151130145502.0 | ||
| 008 | 151130b xxu||||| |||| 00| 0 eng d | ||
| 040 | _cRUA | ||
| 082 | _aFIS SOU 1996 B163 Or.1 | ||
| 100 |
_94032 _aSOUN, SOTHEA. |
||
| 245 | _aFresh frozen sangoby feather back fish paste, ការកែច្នៃត្រីដមរី និងប្រហិតត្រីស្លាត | ||
| 260 |
_aPhnom Penh _bRUA _c1996 |
||
| 300 |
_a71p. _bill. _c29cm. |
||
| 942 |
_2ddc _cFIS |
||
| 999 |
_c3752 _d3752 |
||